000 00642nam a2200181 a 4500
001 BRCA_8711
005 20190320210357.0
008 030217s1724----sp-#######---#000-0#spa-#
041 _aspa
084 _aBE52
_b.I48 1724
245 1 0 _aIlvstraciones a las maravillas
_bdel Apostol de Valencia.
_c1724
300 _a[36], [9], 487 p.
_c20.5 x 16 cm
500 _aEstado fĂ­sico: se presenta con lomo desprendido, algunos cuadernillos descosidos, cantos manchados y con portada incompleta.
700 1 _aSan Vicente Ferrer
_cApostol de la Evropa, Sol del Occidente
_921703
700 1 _aFr. Ignacio C.
_921704
902 _aCFM
942 _2lcc
_cB
999 _c8363
_d8363